000 00679pam a2200241 a 4500
001 1181197
003 0
005 20170215125151.0
008 970611s1998 njua b 001 0 eng
010 _a 97025935
020 _a0136180671 (alk. paper)
020 _a9780136180678
040 _cSPU
050 0 0 _aHM 51
_b.F33 1998
100 1 _aFarley, John E.
245 1 0 _aSociology /
_cJohn E. Farley.
250 _a4th ed.
260 _aUpper Saddle River, N.J. :
_bPrentice Hall,
_c1998.
300 _axxvii, 611 p. :
_bill. (some col.) ;
_c28 cm.
504 _aIncludes bibliographical references (p. 537-584) and indexes.
650 0 _aSociology.
942 _2lcc
_cBK
999 _c48660
_d48660